Snobby snail and smarty snake. (Record no. 113056)
[ view plain ]
| 000 -LEADER | |
|---|---|
| fixed length control field | 00335nam a2200145 a 4500 |
| 001 - CONTROL NUMBER | |
| control field | 4144 |
| 005 - DATE AND TIME OF LATEST TRANSACTION | |
| control field | 20140414132000.0 |
| 008 - FIXED-LENGTH DATA ELEMENTS--GENERAL INFORMATION | |
| fixed length control field | 090317s19uu xx 00 eng d |
| 050 ## - LIBRARY OF CONGRESS CALL NUMBER | |
| Classification number | TR 428.4 |
| Item number | M27 2004 |
| 100 ## - MAIN ENTRY--PERSONAL NAME | |
| Personal name | Mah, May S. M. |
| 245 ## - TITLE STATEMENT | |
| Title | Snobby snail and smarty snake. |
| Withdrawn status | Lost status | Damaged status | Home library | Current library | Shelving location | Date acquired | Total Checkouts | Full call number | Barcode | Date last seen | Price effective from | Koha item type |
|---|---|---|---|---|---|---|---|---|---|---|---|---|
| Munich Library | Munich Library | Teachers Reference Section | 03/17/2009 | TR 428.4 M27 2004 | M4534 | 04/14/2014 | 04/14/2014 | Books | ||||
| Munich Library | Munich Library | Teachers Reference Section | 03/21/2011 | TR 428.4 M27 2004 | M5414 | 04/14/2014 | 04/14/2014 | Books | ||||
| Munich Library | Munich Library | Teachers Reference Section | 07/21/2011 | TR 428.4 M27 2004 | M6004 | 04/14/2014 | 04/14/2014 | Books |